[Event "Sheikh Russel GM 2021"]
[Site "Dhaka"]
[Date "2021.10.21"]
[Round "3.14"]
[White "Hossain, Enamul"]
[Black "Mitrabha, Guha"]
[Result "0-1"]
[WhiteElo "2396"]
[BlackElo "2479"]
[Annotator "ChessBase"]
[PlyCount "70"]
[EventDate "2021.10.19"]
[EventType "swiss"]
[EventCountry "BAN"]
[SourceTitle "playchess.com"]
[Source "ChessBase"]
[SourceQuality "1"]
[TimeControl "40/5400+30:1800+30"]

1. d4 {[%emt 0:01:43]} Nf6 {[%emt 0:00:35]} 2. c4 {[%emt 0:00:16]} c5 {[%emt 0:00:07]} 3. d5 {[%emt 0:00:09]} e6 {[%emt 0:00:06]} 4. Nc3 {[%emt 0:00:09]} exd5 {[%emt 0:00:04]} 5. cxd5 {[%emt 0:00:10]} d6 {[%emt 0:00:02]} 6. e4 {[%emt 0:00:20]} g6 {[%emt 0:00:05]} 7. f4 {[%emt 0:00:22]} Bg7 {[%emt 0:00:06]} 8. Bb5+ {[%emt 0:00:07]} Nfd7 {[%emt 0:00:04]} 9. a4 {[%emt 0:00:13]} O-O {[%emt 0:00:08]} 10. Nf3 {[%emt 0:00:06]} a6 {[%emt 0:06:40]} 11. Bd3 {[%emt 0:02:57]} Qc7 {[%emt 0:00:34]} 12. O-O {[%emt 0:02:05]} Re8 {[%emt 0:01:50]} 13. Kh1 {[%emt 0:06:48]} c4 {[%emt 0:07:48]} 14. Bc2 {[%emt 0:03:34]} Nc5 {[%emt 0:00:38]} 15. f5 {[%emt 0:12:36]} Nbd7 {[%emt 0:00:31]} 16. Bg5 {[%emt 0:01:09]} Rb8 {[%emt 0:03:00]} 17. Qd2 {[%emt 0:16:26]} b5 {[%emt 0:02:04]} 18. axb5 {[%emt 0:02:25]} axb5 {[%emt 0:00:01]} 19. Nd4 {[%emt 0:15:24]} b4 {[%emt 0:02:52]} 20. Ncb5 {[%emt 0:15:42]} Qb6 {[%emt 0:01:24]} 21. f6 {[%emt 0:01:11]} Bh8 {[%emt 0:00:11]} 22. Qxb4 {[%emt 0:03:41]} h6 {[%emt 0:04:00]} 23. Bxh6 {[%emt 0:05:12]} Nxf6 {[%emt 0:00:56]} 24. Qd2 {[%emt 0:02:55]} Bd7 {[%emt 0:01:00]} 25. Nc3 {[%emt 0:00:58]} Ncxe4 {[%emt 0:02:16]} 26. Bxe4 {[%emt 0:01:32]} Nxe4 {[%emt 0:00:17]} 27. Qf4 {[%emt 0:00:21]} f5 {[%emt 0:00:26]} 28. Ne6 {[%emt 0:02:10]} Bxe6 {[%emt 0:02:05]} 29. dxe6 {[%emt 0:03:23]} Rxe6 {[%emt 0:01:49]} 30. Nxe4 {[%emt 0:00:45]} Rxe4 {[%emt 0:00:02]} 31. Qg3 {[%emt 0:00:21]} Rg4 {[%emt 0:00:22]} 32. Qf3 {[%emt 0:00:01]} Qb7 {[%emt 0:00:18]} 33. Qe2 {[%emt 0:01:14]} Qxb2 {[%emt 0:01:15]} 34. Qe6+ {[%emt 0:00:30]} Kh7 {[%emt 0:00:01]} 35. Rg1 {[%emt 0:00:30]} Kxh6 {[%emt 0:00:33]} 0-1

[Event "Sheikh Russel GM 2021"]
[Site "Dhaka"]
[Date "2021.10.21"]
[Round "3.15"]
[White "Savchenko, Stanislav"]
[Black "Laxman, R.R."]
[Result "0-1"]
[WhiteElo "2473"]
[BlackElo "2411"]
[Annotator "ChessBase"]
[PlyCount "100"]
[EventDate "2021.10.19"]
[EventType "swiss"]
[EventCountry "BAN"]
[SourceTitle "playchess.com"]
[Source "ChessBase"]
[SourceQuality "1"]
[TimeControl "40/5400+30:1800+30"]

1. Nf3 {[%emt 0:01:35]} Nf6 {[%emt 0:00:09]} 2. c4 {[%emt 0:00:54]} e6 {[%emt 0:00:09]} 3. Nc3 {[%emt 0:00:39]} Bb4 {[%emt 0:01:13]} 4. g3 {[%emt 0:02:25]} O-O {[%emt 0:02:23]} 5. Bg2 {[%emt 0:02:23]} d5 {[%emt 0:02:13]} 6. a3 {[%emt 0:17:42]} Bxc3 {[%emt 0:03:13]} 7. dxc3 {[%emt 0:01:13]} c6 {[%emt 0:00:13]} 8. O-O {[%emt 0:02:41]} Nbd7 {[%emt 0:00:59]} 9. cxd5 {[%emt 0:06:14]} exd5 {[%emt 0:00:18]} 10. Qc2 {[%emt 0:02:10]} Re8 {[%emt 0:01:18]} 11. Bf4 {[%emt 0:09:53]} Ne4 {[%emt 0:02:10]} 12. Rad1 {[%emt 0:03:26]} Ndf6 {[%emt 0:01:33]} 13. Nd4 {[%emt 0:06:44]} Qe7 {[%emt 0:01:53]} 14. c4 {[%emt 0:02:32]} dxc4 {[%emt 0:13:39]} 15. Qxc4 {[%emt 0:01:02]} Nd5 {[%emt 0:03:03]} 16. Bc1 {[%emt 0:01:42]} Bd7 {[%emt 0:01:04]} 17. Qc2 {[%emt 0:02:44]} Rac8 {[%emt 0:09:44]} 18. f3 {[%emt 0:03:30]} Nef6 {[%emt 0:00:21]} 19. e4 {[%emt 0:00:30]} c5 {[%emt 0:01:04]} 20. Ne2 {[%emt 0:00:54]} Nc7 {[%emt 0:12:22]} 21. Rfe1 {[%emt 0:07:30]} Nb5 {[%emt 0:04:04]} 22. Bg5 {[%emt 0:06:42]} Bc6 {[%emt 0:38:25]} 23. a4 {[%emt 0:05:19]} Nc7 {[%emt 0:00:00]} 24. Nc3 {[%emt 0:02:03]} h6 {[%emt 0:00:00]} 25. Be3 {[%emt 0:03:26]} Rcd8 {[%emt 0:00:00]} 26. Rxd8 {[%emt 0:05:24]} Rxd8 {[%emt 0:00:00]} 27. Rd1 {[%emt 0:00:06]} Ne6 {[%emt 0:00:00]} 28. Rxd8+ {[%emt 0:02:24]} Qxd8 {[%emt 0:00:00]} 29. Qd2 {[%emt 0:00:16]} Qxd2 {[%emt 0:00:00]} 30. Bxd2 {[%emt 0:00:01]} Nd4 {[%emt 0:00:00]} 31. Kf2 {[%emt 0:00:32]} Nd7 {[%emt 0:00:00]} 32. Bf1 {[%emt 0:01:16]} Ne5 {[%emt 0:00:00]} 33. Be2 {[%emt 0:00:24]} f5 {[%emt 0:00:00]} 34. exf5 {[%emt 0:00:39]} Nxe2 {[%emt 0:00:00]} 35. Kxe2 {[%emt 0:00:29]} Bxf3+ {[%emt 0:00:00]} 36. Ke3 {[%emt 0:00:26]} Bc6 {[%emt 0:00:00]} 37. b3 {[%emt 0:00:37]} Nf3 {[%emt 0:00:00]} 38. h3 {[%emt 0:00:29]} Nd4 {[%emt 0:00:00]} 39. Nb5 {[%emt 0:00:31]} Bxb5 {[%emt 0:00:00]} 40. axb5 {[%emt 0:00:00]} Nxb5 {[%emt 0:00:00]} 41. Kd3 {[%emt 0:13:31]} Nd4 {[%emt 0:00:00]} 42. b4 {[%emt 0:00:15]} Nf3 {[%emt 0:00:00]} 43. bxc5 {[%emt 0:02:02]} Nxd2 {[%emt 0:00:00]} 44. Kxd2 {[%emt 0:00:01]} Kf7 {[%emt 0:00:00]} 45. Kd3 {[%emt 0:01:17]} Kf6 {[%emt 0:00:00]} 46. g4 {[%emt 0:08:21]} Kg5 {[%emt 0:00:00]} 47. Kc4 {[%emt 0:01:09]} Kh4 {[%emt 0:00:00]} 48. Kd5 {[%emt 0:00:16]} a5 {[%emt 0:00:00]} 49. Kc4 {[%emt 0:00:22]} Kxh3 {[%emt 0:00:00]} 50. Kb5 {[%emt 0:00:00]} a4 {[%emt 0:00:00]} 0-1

[Event "Sheikh Russel GM 2021"]
[Site "Dhaka"]
[Date "2021.10.21"]
[Round "3.16"]
[White "Srijit Paul"]
[Black "Rios, Cristhian Camilo"]
[Result "1/2-1/2"]
[WhiteElo "2332"]
[BlackElo "2457"]
[Annotator "ChessBase"]
[PlyCount "61"]
[EventDate "2021.10.19"]
[EventType "swiss"]
[EventCountry "BAN"]
[SourceTitle "playchess.com"]
[Source "ChessBase"]
[SourceQuality "1"]
[TimeControl "40/5400+30:1800+30"]

1. e4 {[%emt 0:00:03]} c5 {[%emt 0:01:25]} 2. Nf3 {[%emt 0:00:26]} Nc6 {[%emt 0:00:18]} 3. d4 {[%emt 0:00:13]} cxd4 {[%emt 0:00:08]} 4. Nxd4 {[%emt 0:00:05]} Nf6 {[%emt 0:00:11]} 5. Nc3 {[%emt 0:00:08]} e5 {[%emt 0:00:08]} 6. Ndb5 {[%emt 0:00:17]} d6 {[%emt 0:00:09]} 7. Bg5 {[%emt 0:02:31]} a6 {[%emt 0:00:51]} 8. Na3 {[%emt 0:00:05]} b5 {[%emt 0:00:08]} 9. Nd5 {[%emt 0:00:44]} Be7 {[%emt 0:00:10]} 10. Bxf6 {[%emt 0:00:03]} Bxf6 {[%emt 0:00:09]} 11. c4 {[%emt 0:00:03]} b4 {[%emt 0:00:48]} 12. Nc2 {[%emt 0:00:06]} O-O {[%emt 0:00:10]} 13. h4 {[%emt 0:00:06]} a5 {[%emt 0:00:07]} 14. g3 {[%emt 0:00:04]} Be6 {[%emt 0:00:08]} 15. Bh3 {[%emt 0:00:04]} a4 {[%emt 0:00:07]} 16. Kf1 {[%emt 0:02:50]} b3 {[%emt 0:02:45]} 17. Nce3 {[%emt 0:00:20]} Nd4 {[%emt 1:31:18]} 18. Kg2 {[%emt 0:01:07]} Rb8 {[%emt 0:00:30]} 19. axb3 {[%emt 0:23:56]} Rxb3 {[%emt 0:00:00]} 20. Qd2 {[%emt 0:00:11]} Qb8 {[%emt 0:00:00]} 21. Nxf6+ {[%emt 0:04:40]} gxf6 {[%emt 0:00:00]} 22. Ra2 {[%emt 1:03:28]} Qb7 {[%emt 0:00:00]} 23. Nd5 {[%emt 0:00:00]} Bxd5 {[%emt 0:00:00]} 24. cxd5 {[%emt 0:01:00]} Rb8 {[%emt 0:03:00]} 25. Qh6 {[%emt 0:00:00]} Rxb2 {[%emt 0:00:30]} 26. Rxb2 {[%emt 0:00:00]} Qxb2 {[%emt 0:00:30]} 27. Re1 {[%emt 0:00:00]} Qc3 {[%emt 0:00:00]} 28. Re3 {[%emt 0:00:00]} Qc1 {[%emt 0:01:00]} 29. Qxf6 {[%emt 0:00:00]} Rb1 {[%emt 0:00:00]} 30. Qg5+ {[%emt 0:00:00]} Kf8 {[%emt 0:01:00]} 31. Qd8+ {[%emt 0:00:00]} 1/2-1/2

[Event "Sheikh Russel GM 2021"]
[Site "Dhaka"]
[Date "2021.10.21"]
[Round "3.17"]
[White "Aditya Mittal"]
[Black "Mohammad Fahad, Rahman"]
[Result "1/2-1/2"]
[WhiteElo "2447"]
[BlackElo "2330"]
[Annotator "ChessBase"]
[PlyCount "81"]
[EventDate "2021.10.19"]
[EventType "swiss"]
[EventCountry "BAN"]
[SourceTitle "playchess.com"]
[Source "ChessBase"]
[SourceQuality "1"]
[TimeControl "40/5400+30:1800+30"]

1. d4 {[%emt 0:00:09]} d5 {[%emt 0:00:11]} 2. c4 {[%emt 0:00:05]} e6 {[%emt 0:00:09]} 3. Nc3 {[%emt 0:00:11]} a6 {[%emt 0:00:10]} 4. cxd5 {[%emt 0:02:16]} exd5 {[%emt 0:00:02]} 5. Nf3 {[%emt 0:00:07]} Nf6 {[%emt 0:00:13]} 6. Bg5 {[%emt 0:00:45]} Be6 {[%emt 0:00:18]} 7. e3 {[%emt 0:00:55]} Nbd7 {[%emt 0:00:16]} 8. Bd3 {[%emt 0:00:08]} Bd6 {[%emt 0:00:11]} 9. O-O {[%emt 0:01:31]} c6 {[%emt 0:00:21]} 10. Bf4 {[%emt 0:04:32]} Qc7 {[%emt 0:01:11]} 11. Qd2 {[%emt 0:01:23]} h6 {[%emt 0:03:39]} 12. b4 {[%emt 0:05:14]} O-O {[%emt 0:03:02]} 13. h3 {[%emt 0:03:14]} Nh5 {[%emt 0:03:28]} 14. Bxd6 {[%emt 0:06:02]} Qxd6 {[%emt 0:00:28]} 15. Ne2 {[%emt 0:00:14]} Nhf6 {[%emt 0:12:21]} 16. Ng3 {[%emt 0:00:27]} Rfe8 {[%emt 0:00:27]} 17. Qb2 {[%emt 0:02:13]} b5 {[%emt 0:10:26]} 18. a4 {[%emt 0:24:21]} Nb6 {[%emt 0:00:24]} 19. a5 {[%emt 0:01:34]} Nc4 {[%emt 0:00:36]} 20. Qc3 {[%emt 0:02:14]} Nxe3 {[%emt 0:05:50]} 21. Rfe1 {[%emt 0:00:04]} Nc4 {[%emt 0:01:04]} 22. Re2 {[%emt 0:03:08]} Qf4 {[%emt 0:12:04]} 23. Rae1 {[%emt 0:07:23]} Rac8 {[%emt 0:04:35]} 24. Ne5 {[%emt 0:15:20]} h5 {[%emt 0:12:41]} 25. Nf1 {[%emt 0:04:35]} h4 {[%emt 0:02:09]} 26. Nd2 {[%emt 0:03:57]} Bf5 {[%emt 0:01:08]} 27. Nb3 {[%emt 0:01:33]} Nxe5 {[%emt 0:06:28]} 28. Bxf5 {[%emt 0:04:17]} Qxf5 {[%emt 0:01:34]} 29. Rxe5 {[%emt 0:00:04]} Rxe5 {[%emt 0:01:21]} 30. Rxe5 {[%emt 0:00:24]} Ne4 {[%emt 0:01:16]} 31. Qe3 {[%emt 0:02:56]} Qg6 {[%emt 0:00:47]} 32. Qf4 {[%emt 0:00:50]} f6 {[%emt 0:03:04]} 33. Re7 {[%emt 0:00:10]} Re8 {[%emt 0:00:02]} 34. Rxe8+ {[%emt 0:02:23]} Qxe8 {[%emt 0:00:03]} 35. Qxh4 {[%emt 0:01:10]} Qe7 {[%emt 0:06:38]} 36. Qh5 {[%emt 0:00:44]} Qxb4 {[%emt 0:07:45]} 37. Qe8+ {[%emt 0:00:05]} Kh7 {[%emt 0:00:11]} 38. Qh5+ {[%emt 0:00:04]} Kg8 {[%emt 0:00:05]} 39. Qe8+ {[%emt 0:00:10]} Kh7 {[%emt 0:00:29]} 40. Qh5+ {[%emt 0:00:00]} Kg8 {[%emt 0:00:00]} 41. Qe8+ {[%emt 0:00:10]} 1/2-1/2

[Event "Sheikh Russel GM 2021"]
[Site "Dhaka"]
[Date "2021.10.21"]
[Round "3.18"]
[White "Sumets, Andrey"]
[Black "Abdyjapar, Asyl"]
[Result "1-0"]
[WhiteElo "2497"]
[BlackElo "2391"]
[Annotator "ChessBase"]
[PlyCount "81"]
[EventDate "2021.10.19"]
[EventType "swiss"]
[EventCountry "BAN"]
[SourceTitle "playchess.com"]
[Source "ChessBase"]
[SourceQuality "1"]
[TimeControl "40/5400+30:1800+30"]

1. d4 {[%emt 0:00:01]} Nf6 {[%emt 0:00:06]} 2. c4 {[%emt 0:00:03]} g6 {[%emt 0:00:06]} 3. Nc3 {[%emt 0:00:04]} Bg7 {[%emt 0:00:04]} 4. e4 {[%emt 0:00:03]} d6 {[%emt 0:00:03]} 5. Nf3 {[%emt 0:00:03]} O-O {[%emt 0:00:05]} 6. Be2 {[%emt 0:00:02]} e5 {[%emt 0:00:05]} 7. O-O {[%emt 0:00:04]} Nc6 {[%emt 0:00:05]} 8. d5 {[%emt 0:00:06]} Ne7 {[%emt 0:00:06]} 9. Qc2 {[%emt 0:04:50]} Nh5 {[%emt 0:04:25]} 10. h3 {[%emt 0:04:33]} Nf4 {[%emt 0:01:00]} 11. Bxf4 {[%emt 0:00:39]} exf4 {[%emt 0:00:04]} 12. Qd2 {[%emt 0:00:38]} g5 {[%emt 0:07:26]} 13. Nxg5 {[%emt 0:01:21]} Ng6 {[%emt 0:01:31]} 14. Nf3 {[%emt 0:00:30]} a6 {[%emt 0:01:10]} 15. Rac1 {[%emt 0:06:54]} Kh8 {[%emt 0:03:09]} 16. Kh1 {[%emt 0:30:37]} Be5 {[%emt 0:13:39]} 17. Rg1 {[%emt 0:06:08]} Rg8 {[%emt 0:09:43]} 18. c5 {[%emt 0:06:10]} Nh4 {[%emt 0:08:09]} 19. Nxe5 {[%emt 0:11:29]} dxe5 {[%emt 0:00:12]} 20. Qd3 {[%emt 0:05:02]} Qg5 {[%emt 0:05:19]} 21. Rcd1 {[%emt 0:01:26]} Qh6 {[%emt 0:02:34]} 22. d6 {[%emt 0:12:12]} Be6 {[%emt 0:42:29]} 23. dxc7 {[%emt 0:03:44]} Nxg2 {[%emt 0:00:00]} 24. Qf3 {[%emt 0:00:09]} Nh4 {[%emt 0:00:00]} 25. Qh5 {[%emt 0:00:05]} Rxg1+ {[%emt 0:00:00]} 26. Kxg1 {[%emt 0:02:11]} Rg8+ {[%emt 0:00:00]} 27. Kh1 {[%emt 0:00:04]} Qf6 {[%emt 0:00:00]} 28. Nd5 {[%emt 0:00:39]} Qg7 {[%emt 0:00:00]} 29. Bg4 {[%emt 0:00:45]} Ng6 {[%emt 0:00:00]} 30. Nb6 {[%emt 0:00:39]} f3 {[%emt 0:00:00]} 31. Rd8 {[%emt 0:00:52]} Ne7 {[%emt 0:00:00]} 32. Rxg8+ {[%emt 0:00:56]} Kxg8 {[%emt 0:00:00]} 33. Qh4 {[%emt 0:00:06]} Kf8 {[%emt 0:00:09]} 34. c8=Q+ {[%emt 0:00:18]} Bxc8 {[%emt 0:00:10]} 35. Nxc8 {[%emt 0:00:04]} Nc6 {[%emt 0:00:10]} 36. Bxf3 {[%emt 0:00:17]} Qg6 {[%emt 0:00:17]} 37. Nd6 {[%emt 0:00:13]} b6 {[%emt 0:00:32]} 38. Qg4 {[%emt 0:01:15]} Qf6 {[%emt 0:00:03]} 39. Qc8+ {[%emt 0:00:17]} Nd8 {[%emt 0:00:03]} 40. Nf5 {[%emt 0:00:00]} bxc5 {[%emt 0:00:00]} 41. Qxc5+ {[%emt 0:00:26]} 1-0

[Event "Sheikh Russel GM 2021"]
[Site "Dhaka"]
[Date "2021.10.21"]
[Round "3.19"]
[White "Sadikhov, Ulvi"]
[Black "Mohammad Minhaz Uddin"]
[Result "0-1"]
[WhiteElo "2517"]
[BlackElo "2264"]
[Annotator "ChessBase"]
[PlyCount "70"]
[EventDate "2021.10.19"]
[EventType "swiss"]
[EventCountry "BAN"]
[SourceTitle "playchess.com"]
[Source "ChessBase"]
[SourceQuality "1"]
[TimeControl "40/5400+30:1800+30"]

1. c4 {[%emt 0:00:02]} e5 {[%emt 0:00:03]} 2. Nc3 {[%emt 0:00:12]} Nf6 {[%emt 0:00:04]} 3. Nf3 {[%emt 0:00:16]} Nc6 {[%emt 0:00:11]} 4. e3 {[%emt 0:01:35]} Be7 {[%emt 0:01:53]} 5. Be2 {[%emt 0:01:23]} O-O {[%emt 0:00:04]} 6. O-O {[%emt 0:00:51]} d5 {[%emt 0:05:17]} 7. cxd5 {[%emt 0:00:47]} Nxd5 {[%emt 0:00:03]} 8. d3 {[%emt 0:00:06]} Be6 {[%emt 0:01:11]} 9. a3 {[%emt 0:00:06]} Kh8 {[%emt 0:00:27]} 10. Qc2 {[%emt 0:00:35]} f5 {[%emt 0:00:09]} 11. Na4 {[%emt 0:00:25]} Bd6 {[%emt 0:04:07]} 12. Nc5 {[%emt 0:05:19]} Bc8 {[%emt 0:00:29]} 13. b4 {[%emt 0:02:00]} Qe7 {[%emt 0:02:36]} 14. Nb3 {[%emt 0:18:23]} a5 {[%emt 0:06:38]} 15. b5 {[%emt 0:05:27]} Nb8 {[%emt 0:11:39]} 16. Bb2 {[%emt 0:13:47]} b6 {[%emt 0:06:13]} 17. d4 {[%emt 0:02:10]} e4 {[%emt 0:00:11]} 18. Ne5 {[%emt 0:00:09]} Bb7 {[%emt 0:02:51]} 19. Nd2 {[%emt 0:01:48]} Nd7 {[%emt 0:03:17]} 20. Ndc4 {[%emt 0:00:14]} Nxe5 {[%emt 0:05:21]} 21. dxe5 {[%emt 0:10:44]} Bc5 {[%emt 0:00:46]} 22. Nd2 {[%emt 0:08:39]} Qg5 {[%emt 0:06:04]} 23. Nc4 {[%emt 0:16:50]} f4 {[%emt 0:13:19]} 24. Qxe4 {[%emt 0:00:04]} fxe3 {[%emt 0:00:16]} 25. Bd3 {[%emt 0:00:54]} exf2+ {[%emt 0:01:02]} 26. Kh1 {[%emt 0:00:06]} Qh5 {[%emt 0:05:26]} 27. Be2 {[%emt 0:03:52]} Nf4 {[%emt 0:04:52]} 28. Bxh5 {[%emt 0:00:55]} Bxe4 {[%emt 0:00:03]} 29. Bf3 {[%emt 0:00:06]} Bxf3 {[%emt 0:06:15]} 30. gxf3 {[%emt 0:00:03]} Nd3 {[%emt 0:02:44]} 31. Bc3 {[%emt 0:00:04]} Rxf3 {[%emt 0:00:26]} 32. Rad1 {[%emt 0:00:05]} Nf4 {[%emt 0:01:19]} 33. Bb2 {[%emt 0:00:25]} Ne6 {[%emt 0:05:19]} 34. Rd7 {[%emt 0:00:20]} Rf4 {[%emt 0:00:50]} 35. Nd2 {[%emt 0:00:15]} Rg4 {[%emt 0:00:07]} 0-1

[Event "Sheikh Russel GM 2021"]
[Site "Dhaka"]
[Date "2021.10.21"]
[Round "3.20"]
[White "Abu Sufian, Shakil"]
[Black "Pranav Vijay"]
[Result "0-1"]
[WhiteElo "2247"]
[BlackElo "2265"]
[Annotator "ChessBase"]
[PlyCount "80"]
[EventDate "2021.10.19"]
[EventType "swiss"]
[EventCountry "BAN"]
[SourceTitle "playchess.com"]
[Source "ChessBase"]
[SourceQuality "1"]
[TimeControl "40/5400+30:1800+30"]

1. e4 {[%emt 0:00:03]} e5 {[%emt 0:00:08]} 2. Nf3 {[%emt 0:00:08]} Nc6 {[%emt 0:00:08]} 3. Bb5 {[%emt 0:00:10]} a6 {[%emt 0:00:08]} 4. Ba4 {[%emt 0:00:06]} Nf6 {[%emt 0:00:16]} 5. O-O {[%emt 0:00:15]} b5 {[%emt 0:00:10]} 6. Bb3 {[%emt 0:00:01]} Bc5 {[%emt 0:00:17]} 7. a4 {[%emt 0:00:31]} Rb8 {[%emt 0:00:16]} 8. c3 {[%emt 0:00:08]} d6 {[%emt 0:00:12]} 9. d4 {[%emt 0:00:09]} Bb6 {[%emt 0:00:10]} 10. a5 {[%emt 0:01:26]} Ba7 {[%emt 0:00:11]} 11. h3 {[%emt 0:00:11]} O-O {[%emt 0:00:40]} 12. Be3 {[%emt 0:00:08]} Ra8 {[%emt 0:00:18]} 13. Re1 {[%emt 0:00:38]} h6 {[%emt 0:01:02]} 14. Nbd2 {[%emt 0:00:25]} exd4 {[%emt 0:06:16]} 15. cxd4 {[%emt 0:00:42]} Nb4 {[%emt 0:00:26]} 16. e5 {[%emt 0:11:39]} Nfd5 {[%emt 0:01:06]} 17. Ne4 {[%emt 0:01:32]} Bf5 {[%emt 0:03:35]} 18. Bd2 {[%emt 0:06:04]} dxe5 {[%emt 0:11:39]} 19. Nxe5 {[%emt 0:19:27]} Bxd4 {[%emt 0:11:21]} 20. Bxb4 {[%emt 0:00:30]} Nxb4 {[%emt 0:00:13]} 21. Nxf7 {[%emt 0:00:16]} Rxf7 {[%emt 0:00:25]} 22. Bxf7+ {[%emt 0:00:19]} Kxf7 {[%emt 0:00:07]} 23. Qb3+ {[%emt 0:00:20]} Qd5 {[%emt 0:01:08]} 24. Qxd5+ {[%emt 0:01:47]} Nxd5 {[%emt 0:00:10]} 25. Rad1 {[%emt 0:00:20]} Bxe4 {[%emt 0:00:40]} 26. Rxd4 {[%emt 0:00:34]} Nf6 {[%emt 0:00:30]} 27. Rdxe4 {[%emt 0:01:07]} Nxe4 {[%emt 0:00:29]} 28. Rxe4 {[%emt 0:00:04]} Rd8 {[%emt 0:02:54]} 29. Kf1 {[%emt 0:11:56]} Rd2 {[%emt 0:11:05]} 30. Re2 {[%emt 0:01:09]} Rd1+ {[%emt 0:00:36]} 31. Re1 {[%emt 0:00:09]} Rxe1+ {[%emt 0:02:41]} 32. Kxe1 {[%emt 0:00:02]} Ke6 {[%emt 0:00:14]} 33. Ke2 {[%emt 0:01:16]} Kd5 {[%emt 0:00:29]} 34. Kd3 {[%emt 0:00:21]} c5 {[%emt 0:11:32]} 35. b3 {[%emt 0:15:50]} g5 {[%emt 0:01:13]} 36. g3 {[%emt 0:15:19]} Ke5 {[%emt 0:00:57]} 37. Ke3 {[%emt 0:00:16]} h5 {[%emt 0:03:52]} 38. Kd3 {[%emt 0:05:47]} g4 {[%emt 0:08:48]} 39. hxg4 {[%emt 0:02:00]} hxg4 {[%emt 0:00:27]} 40. Ke3 {[%emt 0:00:00]} b4 {[%emt 0:23:41]} 0-1

[Event "Sheikh Russel GM 2021"]
[Site "Dhaka"]
[Date "2021.10.21"]
[Round "3.21"]
[White "Vignesh N R"]
[Black "Arpita, Mukherjee"]
[Result "1/2-1/2"]
[WhiteElo "2453"]
[BlackElo "2229"]
[Annotator "ChessBase"]
[PlyCount "97"]
[EventDate "2021.10.19"]
[EventType "swiss"]
[EventCountry "BAN"]
[SourceTitle "playchess.com"]
[Source "ChessBase"]
[SourceQuality "1"]
[TimeControl "40/5400+30:1800+30"]

1. e4 {[%emt 0:00:04]} c5 {[%emt 0:04:27]} 2. Nf3 {[%emt 0:00:53]} d6 {[%emt 0:00:10]} 3. d4 {[%emt 0:00:04]} cxd4 {[%emt 0:00:15]} 4. Nxd4 {[%emt 0:00:02]} Nf6 {[%emt 0:00:09]} 5. Nc3 {[%emt 0:00:03]} a6 {[%emt 0:00:41]} 6. Bg5 {[%emt 0:00:07]} e6 {[%emt 0:00:51]} 7. f4 {[%emt 0:00:10]} h6 {[%emt 0:00:10]} 8. Bh4 {[%emt 0:00:05]} Qb6 {[%emt 0:00:09]} 9. a3 {[%emt 0:00:28]} Be7 {[%emt 0:00:35]} 10. Bf2 {[%emt 0:00:16]} Qc7 {[%emt 0:00:39]} 11. Qf3 {[%emt 0:00:26]} b5 {[%emt 0:03:32]} 12. O-O-O {[%emt 0:01:33]} Bb7 {[%emt 0:00:07]} 13. g4 {[%emt 0:02:47]} Nbd7 {[%emt 0:04:56]} 14. h4 {[%emt 0:00:20]} Nc5 {[%emt 0:10:09]} 15. Bd3 {[%emt 0:00:06]} h5 {[%emt 0:01:04]} 16. g5 {[%emt 0:00:11]} Ng4 {[%emt 0:02:39]} 17. Rhg1 {[%emt 0:00:14]} Nxf2 {[%emt 0:04:34]} 18. Qxf2 {[%emt 0:00:08]} O-O-O {[%emt 0:01:58]} 19. Rg3 {[%emt 0:13:41]} Qb6 {[%emt 0:05:39]} 20. b4 {[%emt 0:10:31]} Nxd3+ {[%emt 0:05:55]} 21. Rgxd3 {[%emt 0:01:01]} Kb8 {[%emt 0:01:06]} 22. Qd2 {[%emt 0:04:13]} Rc8 {[%emt 0:01:08]} 23. f5 {[%emt 0:07:02]} d5 {[%emt 0:26:23]} 24. exd5 {[%emt 0:04:56]} exd5 {[%emt 0:00:19]} 25. Nb3 {[%emt 0:00:28]} Rhd8 {[%emt 0:03:04]} 26. Nxd5 {[%emt 0:10:21]} Bxd5 {[%emt 0:05:33]} 27. Rxd5 {[%emt 0:00:03]} Rxd5 {[%emt 0:00:19]} 28. Qxd5 {[%emt 0:00:02]} Qe3+ {[%emt 0:00:39]} 29. Kb1 {[%emt 0:02:14]} Rd8 {[%emt 0:02:52]} 30. Qh1 {[%emt 0:00:06]} Rxd1+ {[%emt 0:01:04]} 31. Qxd1 {[%emt 0:00:02]} Kc7 {[%emt 0:00:27]} 32. Qd5 {[%emt 0:02:51]} Qe1+ {[%emt 0:01:13]} 33. Kb2 {[%emt 0:00:22]} Qxh4 {[%emt 0:08:04]} 34. Nc5 {[%emt 0:05:51]} Bxc5 {[%emt 0:01:21]} 35. bxc5 {[%emt 0:08:15]} Qxg5 {[%emt 0:00:50]} 36. Qd6+ {[%emt 0:00:03]} Kc8 {[%emt 0:00:12]} 37. Qxa6+ {[%emt 0:00:26]} Kc7 {[%emt 0:01:23]} 38. Qd6+ {[%emt 0:04:36]} Kc8 {[%emt 0:00:07]} 39. Qf8+ {[%emt 0:04:23]} Kc7 {[%emt 0:00:15]} 40. Qxf7+ {[%emt 0:00:00]} Kc6 {[%emt 0:00:00]} 41. Qa7 {[%emt 0:03:56]} Qf6+ {[%emt 0:06:40]} 42. c3 {[%emt 0:02:21]} Qd8 {[%emt 0:01:01]} 43. Kc2 {[%emt 0:01:11]} Qc7 {[%emt 0:06:32]} 44. Qa8+ {[%emt 0:10:11]} Kxc5 {[%emt 0:00:33]} 45. Qe8 {[%emt 0:00:12]} Qh2+ {[%emt 0:03:48]} 46. Kb3 {[%emt 0:00:02]} Qh1 {[%emt 0:04:11]} 47. Qe3+ {[%emt 0:01:36]} Kc6 {[%emt 0:00:40]} 48. Qe6+ {[%emt 0:01:35]} Kc5 {[%emt 0:01:19]} 49. Qe7+ {[%emt 0:03:02]} 1/2-1/2